PAUL WILMOTT ON QUANTITATIVE FINANCE 3 V (Record no. 16690)

MARC details
000 -LEADER
fixed length control field 00372nam a2200157Ia 4500
008 - FIXED-LENGTH DATA ELEMENTS--GENERAL INFORMATION
fixed length control field 240624s9999 xx 000 0 und d
041 ## - LANGUAGE CODE
Language code of text/sound track or separate title eng
082 ## - DEWEY DECIMAL CLASSIFICATION NUMBER
Classification number 332.64 WIL
100 ## - MAIN ENTRY--PERSONAL NAME
Personal name WILMOTT PAUL
245 ## - TITLE STATEMENT
Title PAUL WILMOTT ON QUANTITATIVE FINANCE 3 V
250 ## - EDITION STATEMENT
Edition statement (2nd ed.)
260 ## - PUBLICATION, DISTRIBUTION, ETC.
Date of publication, distribution, etc. 2006
Place of publication, distribution, etc. Chichester
Name of publisher, distributor, etc. Wiley
300 ## - PHYSICAL DESCRIPTION
Extent 1500 : p.
365 ## - TRADE PRICE
Currency code
Price amount 25
440 ## - SERIES STATEMENT/ADDED ENTRY--TITLE
Volume/sequential designation 3
Holdings
Withdrawn status Lost status Damaged status Not for loan Home library Current library Shelving location Date acquired Source of acquisition Cost, normal purchase price Full call number Barcode Date last seen Copy number Price effective from Koha item type
        IMTN IMTN Rack 12-B 03/16/2011 AP 295.00 332.64 WIL 16690 06/24/2024 47.9 06/24/2024 Books
Designed & Maintained by: LRC IMT Nagpur Contact: lrc@imtnag.ac.in© 2024. All Rights Reserved.